| 000 | 01134nam a2200289 i 4500 | ||
|---|---|---|---|
| 003 | EG-ScBUE | ||
| 005 | 20231128104528.0 | ||
| 008 | 110122s ua|||||r|||| 000 0 ara d | ||
| 017 | _a1997 / 7956 | ||
| 020 | _a9770153079 | ||
| 040 |
_aEG-ScBUE _bara _erda _cEG-ScBUE _dEG-ScBUE |
||
| 082 | 0 | 4 |
_a909.09767 _bح م د _222 |
| 100 | 1 |
_aحمدان، جمال، _d1928-1993، _eمؤلف. |
|
| 245 | 1 | 2 |
_aالعالم الإسلامي المعاصر / _cد. جمال حمدان. |
| 264 | 1 |
_aالقاهرة : _bالهيئة المصرية العامة للكتاب، _c1997. |
|
| 300 |
_a252 صفحة ؛ _c20 سم. |
||
| 336 |
_2rdacontent _aنص _btxt |
||
| 337 |
_aبدون وسيط _2rdamedia _bn |
||
| 338 |
_aمجلد _bnc _2rdacarrier |
||
| 490 | 0 |
_aمكتبة الأسرة. _aالأعمال الفكرية |
|
| 504 | _aيشتمل على إرجاعات ببليوجرافية. | ||
| 541 |
_aد. باسم احمد ؛ _cإهداء ؛ |
||
| 650 | 7 |
_2BUEsh _aالإسلام _xتاريخ _yالعصر الحديث. |
|
| 650 | 7 |
_2BUEsh _aالإسلام و السياسة. |
|
| 655 | _vReading book | ||
| 942 |
_2ddc _cBB |
||
| 999 |
_c14946 _d14946 |
||